000 00443nam a2200181Ia 4500
001 25129
005 20260414151129.0
008 260414t1988||||xx |||||||||||||| ||spa||
041 _aESP
082 _a346.2
_bC78 T. 1 1988
100 _aCornejo Chávez, Héctor
_eAUT
245 0 _aDerecho familiar peruano :
_bsociedad conyugal
260 _c1988
300 _a
_c23 cm.
650 _aDER
654 _aCDE
942 _cLIB
_dJUS
_fJUS
_2ddc
_n
999 _c25129
_d25129